Outline of electromagnetic theory including problems with step-by-step solutions
Gespeichert in:
| 1. Verfasser: | |
|---|---|
| Format: | Buch |
| Sprache: | Englisch |
| Veröffentlicht: |
Nueva York
Sloves & Frey
1964
|
| Schlagworte: | |
| Tags: |
Tag hinzufügen
Keine Tags, Fügen Sie den ersten Tag hinzu!
|
MARC
| LEADER | 00000nam a2200000 a 4500 | ||
|---|---|---|---|
| 001 | UCU3856 | ||
| 003 | CL-VaPUC | ||
| 008 | 960510e19640000US |||||||||||||||||eng|d | ||
| 082 | 0 | 4 | |a 530.141 |b ZAR |2 21 |
| 100 | 0 | |a Zaret, Matthew E |e author |9 361050 | |
| 245 | 1 | 0 | |a Outline of electromagnetic theory including problems with step-by-step solutions |
| 300 | |a 317 p | ||
| 942 | |c BK | ||
| 945 | |d 19960510 00:00:00 |a lriquelm | ||
| 260 | |a Nueva York |b Sloves & Frey |c 1964 | ||
| 650 | 0 | |a Electromagnetismo |9 260123 | |
| 650 | 0 | |a Vectores |9 317184 | |
| 650 | 7 | |a LECTROSTATICA |2 CL-VaPUC |9 361051 | |
| 650 | 7 | |a CAMPOS MAGNETICOS |2 CL-VaPUC |9 361052 | |
| 650 | 0 | |a Corrientes eléctricas |9 354960 | |
| 583 | |a last modification |c 19960510 00:00:00 |k Rodrigo Vera | ||
| 999 | |c 247726 |d 247724 | ||